They Shoot Pictures, Don't They? - films 61 à 80 - Statistiques

Statistiques générales
  • Ce quiz a été pris 109 fois
  • Le résultat moyen est 11 sur 20
Statistiques - réponses
Par images Hint Réponse % Correct
80. États-Unis, 1994 Pulp Fiction
99%
64. États-Unis, 1990 Les Affranchis
89%
68. Allemagne, 1927 Metropolis
79%
69. États-Unis, 1964 Docteur Folamour
71%
70. Italie, 1968 Il était une fois dans l'Ouest
71%
75. Italie, 1963 Le Guépard
67%
66. France, 1965 Pierrot le fou
64%
71. États-Unis, 1974 Chinatown
63%
79. Suède, 1957 Le Septième Sceau
63%
74. États-Unis, 1989 Do the Right Thing
49%
63. États-Unis, 1959 Rio Bravo
49%
65. France, 1985 Shoah
49%
72. Italie, 1954 La Strada
46%
62. Suède, 1982 Fanny et Alexandre
44%
78. France, 1956 Un condamné à mort s'est échappé
44%
73. France, 1945 Les Enfants du paradis
42%
61. Suède, 1957 Les Fraises Sauvages
40%
77. États-Unis, 1974 Une femme sous influence
36%
67. Italie, 1954 Voyage en Italie
33%
76. Italie, 1973 Amarcord
29%
Aucun quiz correspondant
Distribution des résultats
% des personnes avec chaque résultat
Percentile par nombre de réponses
Votre historique - résultats
Vous n’avez pas pris ce quiz